| 000 | 00743nam a2200217 a 4500 | ||
|---|---|---|---|
| 001 | BRCA_2599 | ||
| 005 | 20190320203901.0 | ||
| 008 | 281108s1922----gw-a---###---#000-0#ger-u | ||
| 050 | 4 |
_aNE670 _b.S43R46 1922 |
|
| 100 | 1 |
_aSeidlitz, Woldemar von _d1850-1922 _97420 |
|
| 245 | 1 | 0 |
_aDie Radierungen Rembrandts _bmit einem Kritischen Verzeichnis und Abbildung sammtlicher Radierungen _cWoldemar von Seidlitz. |
| 260 |
_aLeipzig, Alemania _bE. A. Seemann _c1922 |
||
| 300 |
_a278 p. _bil. _c25 cm. |
||
| 500 | _aA58 | ||
| 504 | _aBibliografĂa: p. 259-263. | ||
| 600 | 1 | 4 |
_aRembrandt Harmenszoon van Rijn _d1607-1669 _97357 |
| 650 | 1 | 4 |
_aAguafuertistas holandeses _97421 |
| 650 | 1 | 4 |
_aAguafuertes _vCatálogos _97359 |
| 902 | _aGFM | ||
| 942 |
_2lcc _cB |
||
| 999 |
_c2339 _d2339 |
||